000 01111 a2200241 4500
001 53942
005 20260407155810.0
008 260407a1958 arg spa d
003 AR-UNSa-BCEJYS
040 _aAR-UNSa-BCEJYS
_bspa
_cAR-UNSa-BCEJYS
080 _a330.8
_xHistoria de las teorías, Doctrinas, Dogmas económicos (pensamiento económico)
245 1 0 _aTendencias del pensamiento económico
_pselección de textos económicos
264 1 _aMadrid :
_bAguilar
_c1958
300 _axx, 489 p.
_c22 cm.
505 _a1. La estructura económica:conceptos e instituciones - 2. Estabiliazación de ingresos y precios - 3. Problemas de la oferta y la demanda - 4. Organización industrial y sistemas de precios - 5. Distribución de la renta entre los factores productivos - 6. Economía internacional - 7. Problemas de la década - 8. Sitemas económicos y filosóficos comparativos -
041 _aspa
942 _cBK
590 _aniveau_biblio:m niveau_hierar:0
100 1 _aSamuelson, Paul A.
700 1 _aBishop, Robert L.
700 1 _aFernandez Bujan, Justo
700 1 _aColeman, John R.
999 _c5287
_d5287